000 00360 a2200145 4500
001 169345
020 _a
040 _cMagnum
100 _aAmiguinho, Abilio (Org.)
240 1 0 _aEscolas e mudanca: o papel dos centros de formacao
_lpor
245 1 0 _aEscolas e mudanca: o papel dos centros de formacao
362 0 _a1899
697 _aENSINO
942 _cBK
999 _c169345
_d169345